| 000 | 00757nam a2200229Ia 4500 | ||
|---|---|---|---|
| 003 | GCL | ||
| 008 | 140319s9999 xx 000 0 ara d | ||
| 040 |
_aGCL / _cGCL |
||
| 082 | 0 | 4 |
_a956.61 _bج ا |
| 100 | 1 | _aجاد ثابت | |
| 245 | 1 | 0 |
_aالاعمار والمصلحة العامة فى التراث والحداثة - مدينة الحرب وذاكرة المستقبل / _cجاد ثابت |
| 300 | _a254 ص | ||
| 490 | _a | ||
| 650 | 0 | 4 | _aبيروت |
| 650 | 0 | 4 | _aتخطيط المدن |
| 650 | 0 | 4 | _aلبنان - تاريخ - الحرب الاهلية |
| 650 | 0 | 4 | _aالحرب الاهلية |
| 650 | 0 | 4 | _aالمجتمع اللبنانى |
| 650 | 0 | 4 | _aالتعمير - بيروت |
| 650 | 0 | 4 | _aاعادة التعمير |
| 942 |
_2ddc _cBK |
||
| 999 |
_c47863 _d47863 |
||